000 01494nam a2200313 a 4500
005 20200104041751.0
008 140530s2013 ck ao gr 000 0 spa d
020 _a9789587614343
040 _aCO-BoBLA
_cCO-BoBLA
_dCO-BoIAVH
041 0 _aspa
044 _ack
082 0 4 _a333.9116
_bC26u
100 1 _aCárdenas-Arévalo, Gladys.
_eautora
245 0 0 _aUso del buchón de agua (Eichhornia crassipes (mart.) solms), en actividades de recuperación y restauración de áreas intervenidas en proyectos hidroeléctricos /
_cGladys Cárdenas Arévalo [y otros 4]
260 _aBogotá, Colombia :
_bUniversidad Nacional de Colombia. Facultad de Ciencias. Instituto de Ciencias Naturales,
_c2013.
300 _a144 páginas :
_bilustraciones, fotografías ;
_c21 x 14 cm. +
_e1 folleto
490 0 _aSerie de guías de campo del Instituto de Ciencias Naturales, Universidad Nacional de Colombia ;
_vNo. 11
500 _aGlosario : páginas 101-103.
504 _aIncluye referencias bibliográficas : páginas 104-107.
650 2 4 _aRecuperación ecológica
650 2 6 _aConservación de la naturaleza
650 2 6 _aGeneración de energía
_x Aspectos ambientales
650 2 6 _aEichhornia crassipes
_xUso
700 1 _aAguilar Puentes, Mauricio
_eautor
700 1 _aSánchez Cruz, Hernán
_eautor
700 1 _aHerrera Romero, Juan
_eautor
700 1 _aAguirre Ceballos, Jaime
_d1951-
_eautor
942 _2ddc
_cLIBRO
999 _c19138
_d19138